| 000 | 00483nam a22001697a 4500 | ||
|---|---|---|---|
| 003 | OSt | ||
| 005 | 20151105110130.0 | ||
| 008 | 140429b xxu||||| |||| 00| 0 eng d | ||
| 020 | _a9781921888755 | ||
| 050 |
_aPZ 8 _b.Sp756ch 2012 |
||
| 100 | _aSpillman, Ken | ||
| 245 |
_aJake's concert horror / _cby Ken Spillman ; illustrated by Chris Nixon |
||
| 260 |
_aChina : _bFremantle Press, _c2012. |
||
| 300 |
_a1 v. (unpaged) : _bill. ; _c20 cm. |
||
| 942 |
_2lcc _cBK |
||
| 999 |
_c115557 _d115557 |
||